The best of S. J. Perelman

Salvato in:
Dettagli Bibliografici
Autore principale: Perelman, S. J (Autore)
Natura: Libro
Lingua:spagnolo
Pubblicazione: Londres Reprint Society 1961
Soggetti:
Tags: Aggiungi Tag
Nessun Tag, puoi essere il primo ad aggiungerne!!

MARC

LEADER 00000nam a2200000 a 4500
001 UCQ2467
003 CL-VaPUC
008 980724e19610000UK |||||||||||||||||spa|d
082 0 4 |a 808.86  |b PER  |2 21 
100 0 |a Perelman, S. J  |e author  |9 416383 
245 1 4 |a The best of S. J. Perelman 
300 |a 445 p 
942 |c BK 
945 |d 19980724 00:00:00  |a crobeson 
260 |a Londres  |b Reprint Society  |c 1961 
650 0 |a Sátira  |9 313713 
650 7 |a HUMOR  |2 CL-VaPUC  |9 337105 
650 0 |a Literatura estadounidense  |9 317168 
583 |a last modification  |c 19980724 00:00:00  |k Rodrigo Vera 
999 |c 273286  |d 273284 
952 |0 0  |1 0  |4 0  |6 808_860000000000000_PER_1961  |7 0  |8 A  |9 308712  |a BIBEDU  |b BIBEDU  |d 2019-11-20  |i 1445871  |o 808.86 PER 1961  |p 1445871  |r 2019-11-20  |w 2019-11-20  |y BK  |k LIT